Destrava línguas (Registo nº 4497)

Detalhes MARC
000 -Etiqueta do registo
Cabeçalho 00802nam0a2200277 4500
005 - Identificador da versão
Campo de controlo 20240813122103.0
010 ## - Número internacional normalizado dos livros (ISBN)
Número (ISBN) 9789722410090
021 ## - Número do Depósito Legal
Código do país PT
Número 398733/15
100 ## - Dados gerais de processamento
Dados gerais de processamento 20171028d2015 bc y0pory5003 ba
102 ## - Pais de publicação ou produção
País de publicação Portugal
101 0# - Língua de publicação
Língua do texto, banda sonora, etc. Português
215 ## - Descrição física 
Indicação específica da natureza do documento e extensão da espécie 28 p.
Outras indicações físicas il. color
200 1# - Titulo e menção de responsabilidade
Título próprio Destrava línguas
Primeira menção de responsabilidade seleção Luísa Ducla Soares
Outras menções de responsabilidade il. Susana Oliveira
205 ## - Menção da edição
Menção da edição 6ª ed
210 ## - Publicação, Distribuição, etc. 
Lugar da edição, distribuição, etc. Lisboa
Nome do editor, distribuidor, etc. Livros Horizonte
Data da publicação, distribuição, etc. 2015
300 ## - Notas gerais 
Texto da nota Metas Curriculares
Texto da nota PNL
606 ## - Nome comum usado como assunto
Número de registo de entrada de autoridade 0001365
Palavra de ordem Literatura portuguesa
Subdivisão de assunto Lengalengas
Código do sistema CA
675 ## - Classificação Decimal Universal (CDU)
Notação 821.134.3-84
Edição 3ª ed.
Língua da edição por
702 #1 - Nome de autor-pessoa física (responsabilidade secundária)
Número de registo de entrada de autoridade 0001366
Palavra de ordem Soares
Outra parte do nome não tomada para palavra de ordem Luísa Ducla
Datas 1939-
Código de função Compilador
Número de registo de entrada de autoridade 0000039
Palavra de ordem Oliveira
Outra parte do nome não tomada para palavra de ordem Susana
Código de função Ilustrador / Técnico de desenho computorizado
966 ## - Identificação da Biblioteca
Sigla EBVEN
942 ## - Elementos de entrada adicionados (Koha)
Tipo de item no Koha Livro
Exemplares
Situação do levantamento Origin of item (home branch) (coded) Biblioteca de empréstimo Código de barras Cota Circulation type (not for loan) Tipo de documento Nota do exemplar Damaged status
  Biblioteca Escolar das Vendas Biblioteca Escolar das Vendas BEV2515 8POR SOA MET PNL   Livro Sem mensagem